Normal view
MARC view
Entry Topical Term
001 - CONTROL NUMBER
- control field: 41453
003 - CONTROL NUMBER IDENTIFIER
- control field: ARRUPE
005 - DATE AND TIME OF LATEST TRANSACTION
- control field: 20180412085315.0
008 - FIXED-LENGTH DATA ELEMENTS
- fixed length control field: 180412|| aca||aabn | a|a d
040 ## - CATALOGING SOURCE
- Original cataloging agency: ARRUPE
- Transcribing agency: ARRUPE
150 ## - HEADING--TOPICAL TERM
- Topical term or geographic name as entry element: Women, Tanga (Africa)
670 ## - SOURCE DATA FOUND
- Source citation: Work cat.: (ARRUPE)0: Richard, Madeleine. 41452, Histoire, tradition, et promotion de la femme chez les batanga /, c1970.